000 00548nam a2200193 i 4500
003 DO-SdBNP
005 20240305092126.0
007 ta
008 230518b1967 dr ||||| |||| 00| 0 spa d
040 _aDO-SdBNP
_bspa
_cBNPHU
_erda
082 4 _222
100 1 _aVargas Genao, Caracciolo,
_d1927-2015
_91504
245 1 0 _aEmilio el limpiabotas :
_bnovela /
_cCaracciolo Vargas Genao
264 1 _aSanto Domingo :
_bArte y Cine,
_c1967.
300 _a294 páginas
_c23 cm.
590 _aInventariado, 2023/BT
910 _aBtavárez
942 _2ddc
_cLBS1
999 _c53570
_d53570